<A> Course in business economics and commerce <a> texbook with requisite calculations for the elementary and intermediate stages of the examining bodies
Guardado en:
| Autor principal: | |
|---|---|
| Formato: | Libro |
| Lenguaje: | inglés |
| Publicado: |
London
Pitman
1946
|
| Etiquetas: |
Sin Etiquetas, Sea el primero en etiquetar este registro!
|
MARC
| LEADER | 00000nam a2200000 4500 | ||
|---|---|---|---|
| 001 | c126656 | ||
| 005 | 20041019155238.6 | ||
| 041 | 0 | |a eng | |
| 044 | |a GB | ||
| 245 | 1 | 0 | |a <A> Course in business economics and commerce |b <a> texbook with requisite calculations for the elementary and intermediate stages of the examining bodies |c F.P. Tushingham |
| 264 | 1 | |a London |b Pitman |c 1946 | |
| 300 | |a 200 s. | ||
| 100 | 1 | |a Tushingham, F.P. | |